[Event "Nachod op"]
[Site "Nachod"]
[Date "2012.07.05"]
[Round "6"]
[White "Vitek, Dominik"]
[Black "Martinovsky, Miroslav"]
[Result "0-1"]
[WhiteElo "1100"]
[BlackElo "1846"]
[PlyCount "94"]
[EventDate "2012.06.30"]
[EventType "swiss"]
[EventRounds "9"]
[EventCountry "CZE"]
[SourceTitle "CBM 149 Extra"]
[Source "ChessBase"]
[SourceDate "2012.08.24"]
[SourceVersion "1"]
[SourceVersionDate "2012.08.24"]
[SourceQuality "1"]

1. e4 e6 2. d4 d5 3. e5 c5 4. Nf3 Nc6 5. Bb5 Bd7 6. Bxc6 Bxc6 7. 0-0 Qc7 8. c3 b6 9. a3 g6 10. Be3 Nh6 11. Qc1 Nf5 12. g4 Nxe3 13. Qxe3 h5 14. g5 Be7 15. Nh4 0-0-0 16. f4 Kb8 17. Qd3 Rhg8 18. Nd2 Rc8 19. Ndf3 Qd7 20. Qc2 cxd4 21. Nxd4 Bc5 22. Qd2 Rc7 23. Kg2 Bxd4 24. Qxd4 Bb7 25. Rfd1 Rgc8 26. Rac1 Rc4 27. Qe3 Qb5 28. Qe2 d4+ 29. Nf3 Qc6 30. Rd3 Qe4 31. Qxe4 Bxe4 32. Rd2 dxc3 33. bxc3 Rxc3 34. Rxc3 Rxc3 35. Rd7 Rxf3 36. Kg1 Rxf4 37. Rd4 Rg4+ 38. Kf2 Bd5 39. Rxg4 hxg4 40. Kg3 b5 41. Kxg4 a5 42. h4 b4 43. axb4 axb4 44. h5 gxh5+ 45. Kxh5 b3 46. Kh6 Be4 47. Kg7 Bg6 0-1